000 00607nam a2200205 i 4500
001 bg
100 1 _aPIELICHOWSKI, Jan
245 0 _aPreparatyka monomerów /
_cJan Pielichowski, Andrzej Puszyński ; Politechnika Krakowska im. Tadeusza Kościuszki.
250 _aWyd. 2 poszerz.
260 _aKraków :
_bPK,
_c1991.
300 _a308 s. :
_b1 rys. ;
_c24 cm.
504 _aBibliogr. przy rozdz.
700 1 _aPUSZYŃSKI, Andrzej
710 _aPOLITECHNIKA KRAKOWSKA (Kraków)
040 _cBPK
041 _apol
080 _a547(075.8)
942 _cKS
008 s pl f |000 0 pol
999 _c6312
_d6312
856 _uhttp://koha.tu.koszalin.pl/cgi-bin/koha/opac-detail.pl?biblionumber=6312
_yKatalog online BPK